Rightsizing the Malaysian organization : Strategies & implementation

Bibliographic Details
Main Author: RAJKUMAR
Format: Book
Published: Subang Jaya, Selangor : Pelanduk Pub. , 2000
Subjects:

MARC

LEADER 00000cam a2200000 7i4500
001 0000001071
005 20131215.0
020 0 0 |a 9679787494 
090 0 0 |a 658.1609595   |b RAK 2000 
100 1 0 |a RAJKUMAR   |h K. 
245 1 0 |a Rightsizing the Malaysian organization :   |b Strategies & implementation   |c K. Rajkumar 
260 0 0 |a Subang Jaya, Selangor :   |b Pelanduk Pub. ,   |c 2000 
300 |a 136 p. ;   |c 22 cm. 
500 0 0 |a Bibliography : [p. 129] and index 
650 0 0 |a Corporate reorganizations   |z Malaysia 
650 0 0 |a Organizational change   |z Malaysia 
998 |a JPSM 
999 |a 0000002006   |b Monograph   |c Open Shelf   |e Default branch